Cargando...

Sohanlal Dwivedi ka kavya/

Detalles Bibliográficos
Autor Principal: Talati,R.N
Formato: Printed Book
Publicado: Pilani: Chinta Prakashan, 1988.
LEADER 00347nam a22001097a 4500
100 |a Talati,R.N. 
245 |a Sohanlal Dwivedi ka kavya/  |c R.N.Talati 
260 |a Pilani:  |b Chinta Prakashan,  |c 1988. 
300 |a 288p. 
942 |2 ddc  |c BK 
999 |c 245589  |d 245589 
952 |0 0  |1 0  |4 0  |7 0  |9 272543  |a HIN  |b HIN  |c S-16  |d 2012-07-26  |i 14296  |l 0  |p HIN14296  |r 2014-02-07  |w 2014-02-07  |y BK